| 000 | 00390nam a2200145Ia 4500 | ||
|---|---|---|---|
| 008 | 230917s9999||||xx |||||||||||||| ||und|| | ||
| 040 |
_e16499 _aMAIN |
||
| 041 | _aEnglish | ||
| 082 | _a547.139 H65H | ||
| 100 | _aHo, Tse-Lok | ||
| 245 | 0 | _aHard and soft acids and bases principle in organic dhemistry | |
| 260 |
_aNew York _bAcademic Press _c1977 |
||
| 300 | _axii, 209 p. | ||
| 942 | _cBK | ||
| 999 |
_c182710 _d182710 |
||